000 01218pam a2200325 i 4500
001 13713244
003 EG-ScBUE
005 20250428104831.0
008 040908s2005 n adk frb 001 0 eng d
020 _a0486439240
020 _a9780486439242
040 _aEG-ScBUE
_beng
_erda
_cEG-ScBUE
_dEG-ScBUE
082 0 4 _a530.141
_222
_bPAN
100 1 _aPanofsky, Wolfgang K. H.
_q(Wolfgang Kurt Hermann),
_d1919-2007,
_935877
_eauthor.
245 1 0 _aClassical electricity and magnetism /
_cWolfgang K. H. Panofsky, Stanford University, Melba Phillips, Washington University.
250 _aSecond edition.
264 1 _aMineola, New York :
_bDover Publications, Inc.,
_c2005.
300 _axvi, 494 pages :
_bcharts, forms, tables ;
_c22 cm.
336 _2rdacontent
_atext
_btxt
337 _aunmediated
_2rdamedia
_bn
338 _avolume
_bnc
_2rdacarrier
490 0 _aDover books on physics
504 _aIncludes bibliographical references and index.
650 7 _aElectricity.
_929600
_2BUEsh
650 7 _aElectromagnetic theory.
_97686
_2BUEsh
650 7 _aGeneral relativity (Physics)
_922955
_2BUEsh
655 _vReading book
700 1 _aPhillips, Melba,
_935878
_d1907-2004,
_eauthor.
942 _2ddc
_cBB
999 _c18206
_d18178